The secret of the druids / (Record no. 145374)
[ view plain ]
| 000 -LEADER | |
|---|---|
| fixed length control field | 00757nam a22002177a 4500 |
| 005 - DATE AND TIME OF LATEST TRANSACTION | |
| control field | 20180212105008.0 |
| 010 ## - LCCN (DPL NO) | |
| LC control number | ENG-122247 |
| 020 ## - INTERNATIONAL STANDARD BOOK NUMBER | |
| International Standard Book Number | 9789385724220 |
| Terms of availability | 350.00 |
| 035 ## - SYSTEM CONTROL NUMBER | |
| System control number | B-682994-999 |
| 035 ## - SYSTEM CONTROL NUMBER | |
| System control number | EN-105779 |
| 037 ## - SOURCE OF ACQUISITION | |
| Source of stock number/acquisition | Aakar |
| Stock number | dpl |
| 037 ## - SOURCE OF ACQUISITION | |
| Source of stock number/acquisition | DBAD/PUB |
| 082 ## - DEWEY DECIMAL CLASSIFICATION NUMBER | |
| Classification number | N |
| 100 ## - MAIN ENTRY--PERSONAL NAME | |
| Personal name | Doyle, Christopher C. |
| 245 ## - TITLE STATEMENT | |
| Title | The secret of the druids / |
| Statement of responsibility, etc | by Christopher C. Doyle |
| 260 ## - PUBLICATION, DISTRIBUTION, ETC. (IMPRINT) | |
| Place of publication, distribution, etc | New Delhi |
| Name of publisher, distributor, etc | Westlnd |
| Date of publication, distribution, etc | 2016 |
| 270 ## - ADDRESS | |
| Address | 93, I Floor, Sham Lal Road, Daryaganj, |
| City | New Delhi |
| Postal code | 110002 |
| 300 v# - PHYSICAL DESCRIPTION | |
| Extent | xxi,399p. |
| Dimensions | 19cm(pbk) |
| 942 ## - ADDED ENTRY ELEMENTS (KOHA) | |
| Source of classification or shelving scheme | Dewey Decimal Classification |
| Item type | English Books |
| Call number suffix | DOY |
| Classification part | N |
| Withdrawn status | Lost status | Not for loan | Collection code | Home library | Current library | Date acquired | Source of acquisition | Cost, normal purchase price | Full call number | Barcode | Copy number | Cost, replacement price | Koha item type |
|---|---|---|---|---|---|---|---|---|---|---|---|---|---|
| Fiction | Ashok Vihar | Ashok Vihar | 08/01/2018 | Aakar/I-2013/30.11.2017/BPPD/EN/2017-18/631/20.11.17/14.12.2017 | 350.00 | N DOY | B-682995 | 1 | 350.00 | English Books | |||
| Not For Loan | Fiction | D.B.Act.Division | Bawana | 12/02/2018 | DBAD/PUB | 350.00 | N DOY | EN-105779 | 1 | 350.00 | English Books | ||
| Fiction | Central Library | Central Library | 08/01/2018 | Aakar/I-2013/30.11.2017/BPPD/EN/2017-18/631/20.11.17/14.12.2017 | 350.00 | N DOY | B-682994 | 1 | 350.00 | English Books | |||
| Fiction | Janak Puri | Janak Puri | 08/01/2018 | Aakar/I-2013/30.11.2017/BPPD/EN/2017-18/631/20.11.17/14.12.2017 | 350.00 | N DOY | B-682997 | 1 | 350.00 | English Books | |||
| Fiction | Narela | Narela | 08/01/2018 | Aakar/I-2013/30.11.2017/BPPD/EN/2017-18/631/20.11.17/14.12.2017 | 350.00 | N DOY | B-682999 | 1 | 350.00 | English Books | |||
| Fiction | Patel Nagar | Patel Nagar | 08/01/2018 | Aakar/I-2013/30.11.2017/BPPD/EN/2017-18/631/20.11.17/14.12.2017 | 350.00 | N DOY | B-682996 | 1 | 350.00 | English Books | |||
| Fiction | Sarojini Nagar | Sarojini Nagar | 08/01/2018 | Aakar/I-2013/30.11.2017/BPPD/EN/2017-18/631/20.11.17/14.12.2017 | 350.00 | N DOY | B-682998 | 1 | 350.00 | English Books |
